000 01790nam a2200241Ia 4500
008 260220t1945||||xx |||||||||||||| ||spa||
040 _aPY-SlUNAC
_bspa
_erda
041 _aspa
082 _a537
_bT275e
100 _aTerradas, E.
_eAutor
245 0 _aElectricidad y magnetismo /
_cpor E. Terradas [Autor]
264 _aMadrid :
_b[Editorial no identificada],
_c℗1945.
300 _a1 volumen
520 _aEn "Electricidad y magnetismo", E. Terradas presenta un análisis exhaustivo de los principios fundamentales que rigen estos dos fenómenos físicos interrelacionados, abordando tanto la teoría como aplicaciones prácticas. El autor inicia con una introducción a los conceptos básicos de la electricidad, incluyendo carga, campo eléctrico y potencial, para posteriormente explorar las leyes de Coulomb y Ohm. A medida que avanza el texto, se profundiza en el magnetismo, introduciendo la ley de Biot-Savart y la ley de Faraday de la inducción, así como la relación entre corrientes eléctricas y campos magnéticos. Terradas también examina el electromagnetismo, enfatizando la unificación de estos conceptos a través de las ecuaciones de Maxwell. A lo largo del libro, se incorporan ejemplos prácticos y ejercicios que refuerzan la comprensión de los temas tratados. La obra es un recurso valioso tanto para estudiantes como para profesionales interesados en los fundamentos de la física, contribuyendo significativamente al entendimiento de la electricidad y el magnetismo en contextos científicos y técnicos.
653 _aElectricidad
653 _aFísica
653 _aMagnetismo
942 _b2026/02/17
_cBK
999 _c7781
_d7781